000
00334 a2200157 4500
001
161030
020
_a
040
_c
Magnum
100
_a
Scliar, Moacyr
240
1
0
_a
Introducao a pratica amorosa
_l
por
245
1
0
_a
Introducao a pratica amorosa
362
0
_a
1899
440
1
_a
Scipione
697
_a
J/ROMANCE
942
_c
BK
999
_c
161030
_d
161030